000 00777nam a2200229Ia 4500
001 15347
003 GE_BSU
008 181216s||||||||xx |||||||||||||| ||und||
040 _cGE_BSU
080 _a82-93:821.353.1-32
100 _aყიფიანი, ედიშერ
245 _aათფურცლიანი რვეულები
245 _bმოთხრობები
245 _cრედ.გრ.აბაშიძე. მხატვ.ა.ბანძელაძე
260 _aთბილისი
260 _bსაბლიტგამი
260 _c1958
300 _a128გვ.ილ.21სმ.
653 _aათფურცლიანი რვეულები
653 _aმოთხრობები
942 _cBK
999 _c48453
_d48453